Report of the technical consulation on the use of subsides in the fisheries sector

Guardado en:
Detalles Bibliográficos
Autor Corporativo: FAO
Formato: Libro
Lenguaje:Undetermined
Publicado: Food And Agriculture Organization Of The United Nations Rome 2004
Materias:
Etiquetas: Agregar Etiqueta
Sin Etiquetas, Sea el primero en etiquetar este registro!
Thư viện lưu trữ: Trung tâm Học liệu Trường Đại học Cần Thơ
LEADER 00538nam a2200181Ia 4500
001 CTU_76236
008 210402s9999 xx 000 0 und d
082 |a 639.3 
082 |b F686 
110 |a FAO 
245 0 |a Report of the technical consulation on the use of subsides in the fisheries sector 
245 0 |c FAO 
260 |a Food And Agriculture Organization Of The United Nations 
260 |b Rome 
260 |c 2004 
650 |a Fisheries 
904 |i Tuyến,Hải 
980 |a Trung tâm Học liệu Trường Đại học Cần Thơ